000 01296nam a22003497a 4500
003 CHAP
005 20250903062747.0
008 971013s1988 r 00010 d
010 _a68407
011 _a69379
035 _a78855
040 _cCHAP
090 _aTesis
100 0 0 _aRodríguez Guajardo, Aníval.
_998565
245 _aDeterminación de la composición botánica, valor nutritivo y digestibilidad de la dieta seleccionada por el ganado caprino en el Municipio de Marín, N. L. (Junio-Noviembre, 1986)
260 _aMarín, N. L. :
_bEl autor,
_c1988
300 _a133 h.
500 _a29-42
502 _aTesis (Maestro en Ciencias Esp. en Producción Animal) -- Univ. Autónoma de Nuevo Leòn. Fac. de Agronomía
590 _aALEPH
_b10
_c20130110
_lUCH01
_h1405
590 _aBATCH-UPD
_b10
_c20130110
_lUCH01
_h1958
590 _aBATCH-UPD
_b10
_c20130410
_lUCH01
_h1318
590 _aBATCH-UPD
_b10
_c20130914
_lUCH01
_h1431
590 _aCONVERSION
_b10
_c20130109
_lUCH01
_h1338
650 1 7 _aForrajes
_xDigestibilidad
_2
_942568
650 1 4 _aForrajes
_xValor nutritivo.
_942601
650 1 4 _aGanado cabrío
_xAlimentación.
_944990
650 1 4 _aGanado cabrío
_xNuevo León.
_945029
901 _aBK
942 _cTESIS
949 _bBC
_cTES
_d-31730
_eTS1
_h21234
_i78855
_si
999 _c68407
_d68407